Sổ tay quá trình và thiết bị công nghệ hóa chất : Cơ sở lý thuyết, phương pháp tính toán, tra cứu số liệu và thiết bị

Những tính chất hóa lý cơ bản của một số chất. Thủy động lực học và các quá trình thủy cơ.

Na minha lista:
Detalhes bibliográficos
Formato: Livro
Idioma:Undetermined
Publicado em: Hà Nội Khoa học kỹ thuật 2004
Assuntos:
Tags: Adicionar Tag
Sem tags, seja o primeiro a adicionar uma tag!
Thư viện lưu trữ: Trung tâm Học liệu Trường Đại học Cần Thơ
LEADER 00886nam a2200205Ia 4500
001 CTU_87642
008 210402s9999 xx 000 0 und d
020 |c 98000 
082 |a 681.754 
082 |b S450/T.1 
245 0 |a Sổ tay quá trình và thiết bị công nghệ hóa chất : 
245 0 |b Cơ sở lý thuyết, phương pháp tính toán, tra cứu số liệu và thiết bị 
260 |a Hà Nội 
260 |b Khoa học kỹ thuật 
260 |c 2004 
520 |a Những tính chất hóa lý cơ bản của một số chất. Thủy động lực học và các quá trình thủy cơ. 
650 |a Chemical apparatus,Chemical engineering,Scientific apparatus and instruments 
650 |x Equipment and supplies 
904 |i Trúc 
980 |a Trung tâm Học liệu Trường Đại học Cần Thơ